00376nam a2200145Ia 4500008004100000020001500041041001200056082001600068100001800084245005800102260003100160300000800191650001600199700001500215221030s9999 xx 000 0 und d a818710550X aEnglish a105.23bMor aR. S. Mortier 0aPage Maker 6.5 Completecby R. S. Mortier, R. Wallace bTechmediaaNew Delhic1997 a905 aBE Computer aR. Wallace